Materiály a technológia

Bibliographic Details
Main Author: Širka, Ján (Author, Editor)
Format: Software eBook
Language:Slovak
PhysicalDescription:1 elektronický optický disk (CD-ROM) fareb. 12 cm
Published: V Nitre Univerzita Konštantína Filozofa, Pedagogická fakulta 2015
ISBN:9788055808383
Subjects:

MARC

LEADER 00000nam a2200000 a 4500
001 vtls010964449
003 SK-MaSNL
005 20260302015117.0
007 co cg auuua
008 240314s2015 xo | fsp 000 0 slo
015 |a SNBS2016 
020 |a 9788055808383  |q (elektronická kniha) 
040 |a SNK  |b slo  |c SNK  |e AACR2 
041 0 |a slo 
044 |a xo  |c SK 
072 7 |a 620.1/.2  |x Náuka o materiáli  |2 konspekt 
080 |a 620.2  |2 2011 
080 |a 546.3  |2 2011 
080 |a 620.2-026.5  |2 2011 
080 |a 539.2  |2 2011 
080 |a (075.8)  |2 2011 
080 |a (0.034.44)  |2 2011 
100 1 |a Širka, Ján  |4 aut  |9 7449 
245 1 0 |a Materiály a technológia  |h elektronický zdroj  |c Ján Širka 
260 |a V Nitre  |b Univerzita Konštantína Filozofa, Pedagogická fakulta  |c 2015 
300 |a 1 elektronický optický disk (CD-ROM)  |b fareb.  |c 12 cm 
500 |a Názov z titulnej obrazovky 
504 |a Bibliogr. odkazy 
516 |a Textový dokument (učebnice), súbor vo formáte pdf 
536 |a Projekt ITMS 26110230096 Inovácia študijných programov na Pedagogickej fakulte UKF v Nitre za účelom skvalitnenia vzdelávacieho procesu 
538 |a Technické požiadavky: PDF prehliadač 
650 0 7 |a technické materiály  |2 SNKPH  |9 67303 
650 0 7 |a kovy  |2 SNKPH  |9 16608 
650 0 7 |a materiály  |2 SNKPH  |9 1041 
650 0 7 |a vlastnosti materiálov  |2 SNKPH  |9 69700 
650 0 7 |a Technical materials  |2 SNKPHeng  |9 265635 
650 0 7 |a Metals  |2 SNKPHeng  |9 274718 
650 0 7 |a Materials  |2 SNKPHeng  |9 266883 
650 0 7 |a Materials properties  |2 SNKPHeng  |9 274717 
655 7 |a elektronické zdroje  |2 SNKPH  |9 90954 
655 7 |a CD-ROM  |2 SNKPH  |9 70236 
655 7 |a učebnice vysokých škôl  |2 SNKPH  |9 70191 
655 7 |a Textbooks (higher)  |2 SNKPHeng  |9 276436 
655 7 |a Electronic resources  |2 SNKPHeng  |9 175546 
700 1 |a Širka, Ján  |4 edt  |9 7449 
752 |a Slovensko  |d Nitra 
919 |a 978-80-558-0838-3 
958 |a NB 
999 |c 1019749  |d 1021679 
952 |a SNK  |b SNK  |y PREZ  |7 0  |p 17A1173148  |o snkSCDM 7849  |i snk2015/28386  |8 0  |0 0  |1 0  |4 0  |d 2015-10-09  |l 0  |r 2026-02-24 13:20:28  |w 2026-02-24 
952 |t snkMAT 620.1/.2  |a SNKMST  |b SNKMST  |y PREZ  |7 0  |p 17A1173149  |o snkSCDM 7849 D1  |i snk2015/28387  |8 0  |0 0  |1 0  |4 0  |d 2015-10-09  |l 0  |r 2025-08-12 00:00:00  |w 2026-02-24